=LDR 00000nam 2200000 4500 =001 INLIS000000000029977 =005 20130612132150 =008 ***********************************Ind** =035 ##$$0010-061300000029977 =041 ##$$a Ind =082 ##$$a 634.98 =090 ##$$a 634.98, Dam p =100 ##$$a Damayanti, Ratih =245 ##$$a Pedoman identifikasi jenis kayu kurang dikenal, Ratih Damayanti =260 ##$$a 2007 $b Bogor =300 ##$$a iv, 107 hlm, ilus6c24 cm =650 ##$$a Kayu =850 ##$$a NBPNMAT